|
|
|
|
| LEADER |
01365nam a2200301 a 4500 |
| 001 |
409940 |
| 003 |
BD-DhAAL |
| 008 |
100502s1980 nyua 000 0 eng d |
| 999 |
|
|
|c 8343
|d 8343
|
| 010 |
|
|
|a \\\80019838
|
| 020 |
|
|
|a 0080263062
|
| 040 |
|
|
|a DLC
|c DLC
|d DLC
|d BD-DhAAL
|
| 082 |
0 |
0 |
|a 362.5/8/095
|2 19
|
| 245 |
0 |
0 |
|a Meeting the basic needs of the rural poor :
|b the integrated community-based approach /
|c edited by Philip H. Coombs.
|
| 260 |
|
|
|a New York :
|b Pergamon Press,
|c c1980.
|
| 300 |
|
|
|a x, 344 pages :
|b illustrations ;
|c 25 cm.
|
| 490 |
|
0 |
|a Pergamon policy studies on international development
|
| 500 |
|
|
|a "A report of the International Council for Educational Development."
|
| 504 |
|
|
|a Includes bibliographical references and index.
|
| 541 |
1 |
|
|e 00000276
|
| 650 |
|
0 |
|a Social service, Rural
|z Asia
|v Case studies.
|9 44262
|
| 650 |
|
0 |
|a Rural poor
|z Asia
|v Case studies.
|9 44263
|
| 650 |
|
0 |
|a Basic needs
|z Asia
|v Case studies.
|9 44264
|
| 700 |
1 |
|
|a Coombs, Philip H.
|q (Philip Hall),
|d 1915-2006.
|9 44265
|
| 710 |
2 |
|
|a International Council for Educational Development.
|9 44266
|
| 852 |
4 |
|
|a Ayesha Abed Library
|j General Shelf
|
| 942 |
|
|
|2 ddc
|c BK
|
| 952 |
|
|
|0 0
|1 0
|2 ddc
|4 0
|6 362_580950000000000_MEE_1980
|7 0
|9 9641
|a BRACUL
|b BRACUL
|c GEN
|d 2010-05-02
|g 0.00
|l 0
|o 362.58095 MEE
|p 3010000276
|r 2010-05-02
|t 1
|w 2010-05-02
|y BK
|z Not price in Register
|x Not price in Register
|